| 000 | 00479cam a2200157 i 4500 | ||
|---|---|---|---|
| 001 | 20162978 | ||
| 005 | 20241119153919.0 | ||
| 008 | 171204e201607 is bl 000 0 eng | ||
| 041 | 1 | _aeng | |
| 245 | 1 | 0 |
_aIncome tax regulations 2016 : _b(L.I. 2244) _cRepublic of Ghana |
| 260 |
_aAccra, Ghana _bGhana Publishing Co. Ltd. (Assembly Press) _c2016 |
||
| 300 |
_a33 pages ; _c24 cm |
||
| 500 | _aCover title. | ||
| 650 | 0 |
_aIncome tax _xLaw and legislation _zGhana |
|
| 942 |
_2lcc _cBK _n0 |
||
| 999 |
_c1343 _d1343 |
||